Estadísticas para Artistas musicales más populares en cada año

Haz click aquí para intentar la prueba.

Estadísticas generales

  • Esta prueba ha sido intentada 725 veces
  • La puntuación promedio es 11 de 53

Estadísticas de respuestas

AñoArtista% Correcto
1982Michael Jackson
77%
1987Michael Jackson
77%
2014Taylor Swift
66%
1981Queen
57%
1986Madonna
49%
1990Madonna
49%
1989Madonna
49%
2010Lady Gaga
38%
2009Lady Gaga
38%
2016Adele
31%
2015Adele
31%
2011Adele
31%
2012Adele
31%
2002Eminem
29%
2000Eminem
29%
2018Drake
28%
1980AC/DC
27%
2017Ed Sheeran
26%
2022Harry Styles
24%
2013Bruno Mars
18%
1974Elton John
18%
1994Elton John
18%
2008Coldplay
17%
2021Olivia Rodrigo
16%
1999Backstreet Boys
15%
2020BTS
15%
2019Billie Eilish
14%
1975Pink Floyd
12%
1979Pink Floyd
12%
1973Pink Floyd
12%
1997Spice Girls
12%
1971Led Zeppelin
11%
1992Whitney Houston
11%
1998Celine Dion
10%
1993Mariah Carey
10%
1991Mariah Carey
10%
2007Amy Winehouse
8%
1984Bruce Springsteen
5%
1988George Michael
5%
2005Green Day
5%
2001Linkin Park
4%
1976Eagles
3%
1985Dire Straits
2%
2004Usher
2%
1978Blondie
1%
2003Evanescence
1%
1970Simon & Garfunkel
1%
1972Simon & Garfunkel
1%
1995Alanis Morrissette
0%
1996Alanis Morrissette
0%
2006James Blunt
0%
1983Lionel Ritchie
0%
1977Meat Loaf
0%

Distribución de puntuación

Porcentaje por número respondido

Porcentaje de gente con cada puntuación

Historial de tus puntuaciones

No has intentado esta prueba.